Rugby union team stadiums - Statistics

General Stats
  • This quiz has been taken 44 times
  • The average score is 7 of 13
Answer Stats
Hint Answer % Correct
England Twickenham
100%
Harlequins Twickenham Stoop
70%
Bath Recreation Ground
63%
Leicester Welford Road
63%
Bristol Ashton Gate
59%
Exeter Sandy Park
59%
Gloucester Kingsholm
56%
Northampton Franklin's Gardens
48%
Sale AJ Bell
37%
Wasps Ricoh Arena
37%
Worcester Sixways
30%
Saracens Allianz Park
26%
Newcastle Kingston Park
22%
No matching quizzes found
Score Distribution
Percent of People with Each Score
Percentile by Number Answered
Your Score History
You have not taken this quiz